| 000 | 00763nam a2200253Ia 4500 | ||
|---|---|---|---|
| 003 | OSt | ||
| 005 | 20221005063644.0 | ||
| 006 | a|||||r|||| 00| 0 | ||
| 007 | ta | ||
| 008 | 221004b |||||||| |||| 00| 0 eng d | ||
| 020 |
_a9781412902625 (pbk) _c1883.45 |
||
| 024 | _a102572 | ||
| 037 |
_b060, 28/10/2009, Independent Publishers Group _cTextual |
||
| 040 |
_aCRL _cCRL _beng |
||
| 041 |
_2eng _aeng |
||
| 082 | _a4,10aW, P8 | ||
| 100 |
_aOates Sarah _9426367 |
||
| 245 | 0 | _aIntroduction to media and politics | |
| 260 |
_aLos _bAneles Sage USA _c2008 |
||
| 300 |
_aix,230p. _ccm. |
||
| 650 |
_aJOUNRALISM _93876 |
||
| 942 |
_h4,10aW, P8 _cTEXL _2cc |
||
| 999 |
_c971770 _d971770 |
||